000 01734nam a22002057a 4500
999 _c3818
_d3818
003 OSt
005 20241031134548.0
008 241031b ||||| |||| 00| 0 eng d
020 _a9781471890109
040 _cKH8
082 _a400 ESQ
100 _aEsquivel, Laura,
_eauthor.
245 _aComo agua para chocolate /
_cLaura Esquivel.
260 _aUK ;
_bHodder Education ,
_c2017.
300 _a96 pages :
_bcolor illustrations ;
_c25 cm.
520 _aExam AQA, Edexcel, WJEC, Eduqas & CCEAAS/A-levelModern LanguagesFirst September 2017First June 2018Literature analysis made easy. Build your students' confidence in their language abilities and help them develop the skills needed to critique their chosen putting it into context, understanding the themes and narrative technique, as well as specialist terminology.Breaking down each scene, character and theme in Como agua para chocolate ( Like Water for Chocolate ), this accessible guide will enable your students to understand the historical and social context of the novel and give them the critical and language skills needed to write a successful essay.- Strengthen language skills with relevant grammar, vocab and writing exercises throughout- Aim for top marks by building a bank of textual examples and quotes to enhance exam response- Build confidence with knowledge-check questions at the end of every chapter- Revise effectively with pages of essential vocabulary and key mind maps throughout- Feel prepared for exams with advice on how to write an essay, plus sample essay questions, two levels of model answers and examiner commentary.
650 _aTextbooks for English speakers
650 _aSpanish language Textbooks for foreign speakers
942 _2ddc
_cTR